000 00386nam a2200169Ia 4500
001 13013
003 IN-NITTTR
005 20251114233122.0
008 251113s9999||||xx |||||||||||||| ||eng||
040 _beng
040 _cIN-NITTTR
041 _aeng
082 _a725 M791
100 _aHoyt, Charles K.
245 0 _aMore places for people. /
_cHoyt, Charles K.
942 _2ddc
_cBK
999 _c15649
_d15649